| 000 | 01654nam a2200445 c 4500 | ||
|---|---|---|---|
| 999 |
_c332401 _d332401 |
||
| 003 | BLK | ||
| 005 | 20240913124914.0 | ||
| 008 | 180409b bul|||||r ||||||| ||bul|| | ||
| 010 | _aKNG00144415000 | ||
| 020 | _a978-954-8933-79-7 | ||
| 040 | _aBLK | ||
| 041 |
_aBUL _cBUL |
||
| 072 | 7 |
_2bullib _aН62 _xПриложни науки. Техника Н |
|
| 080 |
_aИнформационни и комуникационни технологии - учебни предмети _b373.3.016:004 _x(076)(075.3) _z373.3.016:004(076)(075.3) |
||
| 100 |
_aИванов, Ивайло Огнянов _9371594 |
||
| 139 |
_aИванов, Ивайло Огнянов _bИ 21 |
||
| 245 | 1 | 0 |
_aИнформационни технологии 7 клас _cИвайло Огнянов Иванов. |
| 257 | _aBGR | ||
| 260 |
_bНова звезда _c2013 |
||
| 300 |
_a60 с. _bс цв. ил. _c29 см |
||
| 380 | _a62 | ||
| 650 | 4 |
_aИнформационни и комуникационни технологии - учебници _9293281 |
|
| 653 | _aинформационни технологии | ||
| 653 | _aучебници за средни училища | ||
| 653 | _aХ кл. | ||
| 659 | _aН | ||
| 700 |
_9296668 _aПопова, Людмила _eсъавт. |
||
| 700 |
_9387348 _aПетров, Пламен В. _eсъстав. |
||
| 852 | _aЦб ІІ 23906 | ||
| 856 | 4 | _qpdf | |
| 856 | 4 | _qpdf | |
| 942 |
_cKNG _n0 _s1 |
||
| 944 |
_aCR _c2019-07-09 _k30550 _lКети Илиева |
||
| 944 |
_aED _c18.11.2013 |
||
| 999 | _d332401 | ||
| 999 | _d332401 | ||
| 999 | _d332401 | ||
| 999 | _d332401 | ||
| 999 | _d138424 | ||